Loading...
| History - American | 0 | 7 | 1 | 0 | 65 | 48 | 63.57 | 4 | 7 | 0.00 | 0.00 |
| Science - Chemistry | 0 | 6 | 1 | 1 | 55 | 35 | 58.67 | 3 | 6 | 0.00 | 0.00 |
| History - Other | 0 | 4 | 1 | 2 | 35 | 69 | 94.00 | 1 | 4 | 0.00 | 0.00 |
| Current Events | 0 | 3 | 0 | 1 | 30 | 57 | 81.33 | 1 | 3 | 0.00 | 0.00 |
| Literature - British | 0 | 3 | 0 | 0 | 30 | 47 | 52.67 | 2 | 3 | 0.00 | 0.00 |
| Religion | 0 | 3 | 0 | 0 | 30 | 74 | 79.67 | 0 | 2 | 0.00 | 0.00 |
| Science - Other | 0 | 3 | 0 | 0 | 30 | 54 | 72.00 | 1 | 3 | 0.00 | 0.00 |
| Science - Biology | 0 | 3 | 1 | 0 | 25 | 52 | 67.00 | 1 | 2 | 0.00 | 0.00 |
| Fine Arts - Other | 0 | 3 | 2 | 1 | 20 | 66 | 92.67 | 0 | 2 | 0.00 | 0.00 |
| History - World | 0 | 2 | 0 | 1 | 20 | 32 | 71.00 | 0 | 1 | 0.00 | 0.00 |
| Fine Arts - Classical Music | 0 | 3 | 2 | 1 | 20 | 89 | 101.00 | 0 | 1 | 0.00 | 0.00 |
| Literature - World | 0 | 2 | 0 | 0 | 20 | 41 | 64.50 | 2 | 2 | 0.00 | 0.00 |
| Science - Physics | 0 | 3 | 3 | 2 | 15 | 31 | 82.33 | 1 | 3 | 0.00 | 0.00 |
| Popular Culture | 0 | 1 | 0 | 0 | 10 | 52 | 52.00 | 0 | 1 | 0.00 | 0.00 |
| Geography | 0 | 1 | 0 | 0 | 10 | 43 | 43.00 | 0 | 0 | 0.00 | 0.00 |
| History - European | 0 | 2 | 2 | 0 | 10 | 51 | 67.00 | 1 | 1 | 0.00 | 0.00 |
| Mythology | 0 | 1 | 1 | 0 | 5 | 72 | 72.00 | 1 | 1 | 0.00 | 0.00 |
| Social Science | 0 | 1 | 1 | 0 | 5 | 69 | 69.00 | 0 | 1 | 0.00 | 0.00 |
| Fine Arts - Painting and Sculpture | 0 | 1 | 1 | 1 | 5 | 117 | 117.00 | 1 | 1 | 0.00 | 0.00 |